00506nam a2200133Ia 4500008004100000100001600041245009000057245007500147260005300222260000900275300001200284650001500296856006100311170221s9999 xx 000 0 und d aAzman Hasan aTechnical Competency for Diploma in Mechatronic Engineering at Polytechnics Malaysia  cAzman Hasan, Sharifah Nurulhuda Tuan Mohd Yasin, Mohd Fauzi Mohd Yunus bInternational Review of Management and Marketing c2016 a15 : 16 xMarketing. uhttp://www.econjournals.com/index.php/irmm/issue/view/77